000 00262nam a2200109Ia 4500
008 190216s9999||||xx |||||||||||||| ||und||
100 _a"Wran,Martin"
245 0 _aHigh School English Grammer&Composition
260 _bLongmans
650 _aEnglish
942 _cBK
999 _c11825
_d11825